| 000 | 00411 a2200145 4500 | ||
|---|---|---|---|
| 003 | OSt | ||
| 005 | 20240116151646.0 | ||
| 008 | 240116b |||||||| |||| 00| 0 eng d | ||
| 040 | _coclc | ||
| 082 |
_a297 _bHUS/A |
||
| 245 |
_aAaaldaivangalude mathavum rashtreeyavm / _cEditor K T Hussain |
||
| 260 |
_aKerala: _bIPH, _c2008. |
||
| 300 | _a110p | ||
| 942 |
_2ddc _cBK _h297 _iHUS/A _k297 _mHUS/A |
||
| 999 |
_c43214 _d43214 |
||